| 000 | 00552nam a22001937a 4500 | ||
|---|---|---|---|
| 003 | OSt | ||
| 005 | 20240708150503.0 | ||
| 008 | 240708b |||||||| |||| 00| 0 eng d | ||
| 020 | _a978047997887 | ||
| 040 | _cMUST | ||
| 082 | _a519.7 WIL 2000 | ||
| 100 |
_aWilliams paul H _918513 |
||
| 245 |
_aModel building in mathematical programming/ _cH. Paul Williams |
||
| 260 |
_aNew York _bJohn and Willew and sons _c1978 |
||
| 300 |
_avii,354p; _bill. _c23cm. |
||
| 504 | _aReferences and indexes included | ||
| 650 | _2mathematics | ||
| 942 |
_2ddc _cO_SHELF |
||
| 999 |
_c9093 _d9093 |
||